Nursing education / (Record no. 32228)
[ view plain ]
| 000 -LEADER | |
|---|---|
| fixed length control field | 01918nam a2200313 i 4500 |
| 003 - CONTROL NUMBER IDENTIFIER | |
| control field | CSPC |
| 005 - DATE AND TIME OF LATEST TRANSACTION | |
| control field | 20260413101601.0 |
| 008 - FIXED-LENGTH DATA ELEMENTS--GENERAL INFORMATION | |
| fixed length control field | 260407s2024 ii a 001 0 eng d |
| 020 ## - INTERNATIONAL STANDARD BOOK NUMBER | |
| International Standard Book Number | 9789374735794 |
| 040 ## - CATALOGING SOURCE | |
| Original cataloging agency | CSPC |
| Language of cataloging | eng |
| Transcribing agency | CSPC |
| Description conventions | rda |
| 050 00 - LIBRARY OF CONGRESS CALL NUMBER | |
| Classification number | RT73 |
| Item number | .S273 2024 |
| 082 04 - DEWEY DECIMAL CLASSIFICATION NUMBER | |
| Classification number | 610.73071 |
| Item number | Sa714n |
| 100 1# - MAIN ENTRY--PERSONAL NAME | |
| Personal name | Saran, Kulvinder Johal, |
| Relator term | author. |
| 245 00 - TITLE STATEMENT | |
| Title | Nursing education / |
| Statement of responsibility, etc. | Kulvinder Johal Saran. |
| 246 #3 - VARYING FORM OF TITLE | |
| Title proper/short title | Nursing education : |
| Remainder of title | (as per INC syllabus) |
| 264 #1 - PRODUCTION, PUBLICATION, DISTRIBUTION, MANUFACTURE, AND COPYRIGHT NOTICE | |
| Place of production, publication, distribution, manufacture | Krishan, Nagar, Delhi : |
| Name of producer, publisher, distributor, manufacturer | AITBS Publishers, India, |
| -- | Medical Publishers, |
| Date of production, publication, distribution, manufacture, or copyright notice | 2024. |
| 300 ## - PHYSICAL DESCRIPTION | |
| Extent | xii, 231 pages : |
| Other physical details | illustrations ; |
| Dimensions | 24 cm. |
| 336 ## - CONTENT TYPE | |
| Source | rdacontent |
| Content type term | text |
| 337 ## - MEDIA TYPE | |
| Source | rdamedia |
| Media type term | unmediated |
| 338 ## - CARRIER TYPE | |
| Source | rdacarrier |
| Carrier type term | volume |
| 500 ## - GENERAL NOTE | |
| General note | Includes index. |
| 505 0# - FORMATTED CONTENTS NOTE | |
| Formatted contents note | Introduction to education -- Teaching-learning process -- Methods of teaching -- Educational media -- Methods of assessment -- Management of school of nursing -- Guidance and counselling -- In-service education. |
| 520 ## - SUMMARY, ETC. | |
| Summary, etc. | "This book is based on course and curricula of nursing students. This first edition this book is written in view to special use of educational technology in nursing education. This book is designed to provide nursing students with the knowledge and skill they need to become competent nurse. This book contains 8 units that are specially help the nursing students in this present scenario of high-tech learning. This book is teemed with many illustrations, flow charts and diagrams for better understanding of subject matter. Every attempt has been made to maintain simplicity and lucidity of language and style"-- Back cover. |
| 650 #0 - SUBJECT ADDED ENTRY--TOPICAL TERM | |
| Topical term or geographic name entry element | Nursing |
| General subdivision | Study and teaching. |
| 650 #0 - SUBJECT ADDED ENTRY--TOPICAL TERM | |
| Topical term or geographic name entry element | Nursing |
| General subdivision | Curricula. |
| 650 #2 - SUBJECT ADDED ENTRY--TOPICAL TERM | |
| Topical term or geographic name entry element | Education, Nursing. |
| 942 ## - ADDED ENTRY ELEMENTS (KOHA) | |
| Source of classification or shelving scheme | Dewey Decimal Classification |
| Suppress in OPAC | No |
| Koha item type | Books |
| Classification part | 610.73071 |
| Item part | Sa714n |
| Call number prefix | GRD |
| Call number suffix | 2024 |
| Withdrawn status | Lost status | Source of classification or shelving scheme | Damaged status | Not for loan | Home library | Current library | Shelving location | Date acquired | Total Checkouts | Full call number | Barcode | Date last seen | Copy number | Price effective from | Koha item type |
|---|---|---|---|---|---|---|---|---|---|---|---|---|---|---|---|
| Dewey Decimal Classification | Main Library | Main Library | Graduate School Library | 04/07/2026 | GRD 610.73071 Sa714n 2024 | 031575 | 04/07/2026 | 1-1 | 04/07/2026 | Books |